Sleep Well lyrics-Poppy's Playtime - Statistics

General Stats
  • This quiz has been taken 290 times
  • The average score is 232 of 346
Answer Stats
Answer % Correct
a-
96%
a
96%
we
89%
We
89%
(We
89%
Come
88%
(come
88%
come
88%
I
88%
the
88%
you
88%
me
86%
and
85%
And
85%
down
85%
down)
85%
see
85%
with
85%
of
84%
along
82%
along)
82%
have
81%
will
81%
all
80%
not
80%
children
79%
other
79%
each
78%
is
78%
alone
77%
In
77%
in
77%
hour
76%
joy
76%
need
75%
they
74%
You're
74%
go
70%
this
69%
If
68%
if
68%
sleep
68%
never
67%
paradise
66%
we'll
64%
We'll
64%
well
64%
god
63%
that
63%
things
63%
to
63%
did
62%
done
62%
when
62%
been
61%
could
61%
facade
61%
freedom
61%
had
61%
our
60%
real
59%
Artificial
57%
Though
57%
from
56%
now
56%
want
55%
about
54%
are
54%
fraud
54%
hear
54%
sins
54%
Can
53%
heal
53%
us?
52%
dream
50%
just
50%
thought
50%
nightmares
48%
up
48%
wanted
48%
path
47%
apart
46%
but
46%
fall
46%
playtime
46%
trod
46%
wake
46%
realized
45%
torn
45%
due
44%
It's
44%
for
43%
we've
41%
cage
39%
dreams
39%
leave
39%
than
39%
trace
39%
better
38%
here
38%
isn't
38%
life
38%
living
38%
much
38%
shadows
38%
without
38%
sprouts
36%
out
34%
(la
32%
la
32%
la)
32%
(La
32%
New
32%
new
32%
knocked
31%
blooms
30%
ever
19%
No matching quizzes found
Score Distribution
Percent of People with Each Score
Percentile by Number Answered
Your Score History
You have not taken this quiz